000 00648nam a22002417a 4500
003 UA-OsUOA
001 126372
007 ta
008 20171018b un ||||| |||| 00| 0 ukr d
100 _aТалеб Н. Н.
090 _a140.8
_bТ16
942 _cBK
040 _aUA-OsUOA
_bukr
_cUA-OsUOA
_dUA-OsUOA
245 _aЧорний лебідь. Про (не)ймовірне у реальному житті
300 _a392 с.
955 _a2
041 _aukr
080 _a140.8
020 _a978-617-7279-56-2
260 _aК.
_bНаш Формат
_c2017
650 7 _a1 Філософські науки
_2UDC
999 _c412373
_d412373